First Amendment Cases, Controversies, and Contexts /

Detalles Bibliográficos
Autor principal: Robson, Ruthann
Formato: eBook
Lenguaje:inglés
Publicado: Chicago: The Center for Computer - Assisted Legal Instruction (CALI), 2016
Materias:
Acceso en línea:Acceso restringido

MARC

LEADER 00000nam a22000007a 4500
005 20180503002640.0
007 cr|||| ||||
008 180503s2016 us |||||s|||| 00||0 eng d
035 |a 21505 
040 |a vLex 
090 |c 7882  |d 7882 
100 1 |a Robson, Ruthann 
245 1 0 |a First Amendment  |h [Recurso electrn̤ico] :  |b Cases, Controversies, and Contexts /  |c Ruthann Robson 
256 |a Servicio en ln̕ea 
260 |a Chicago:  |b The Center for Computer - Assisted Legal Instruction (CALI),  |c 2016 
300 |a 1 recurso electrn̤ico 
506 1 |a Disponible solo en los productos indicados  |d vLex Global  |d vLex Global (Academic Edition, excluding Law Schools)  |d vLex Global (U.S. Academic Edition, Law Schools)  |d vLex Global (U.S. Academic Edition, excluding Law Schools)  |d vLex Global (Academic Edition, Law Schools) 
650 0 4 |a Derecho Constitucional  |z Estados Unidos 
740 0 |a vLex Libros (Servicio en ln̕ea) 
856 4 0 |u http://vlex.com/source/first-amendment-cases-controversies-contexts-21505  |z Acceso restringido 
942 |c BOOK 
999 0 |a Constitutional right